Born In Queens Quiz Stats

 Plays Quiz Updated Nov 21, 2015

Also try: Born in Brooklyn
Challenge
Share
Tweet
Score 0/20 Timer 06:00
1 Play Today
% Correct
Donald Trump
98.4%
David Schwimmer
77.3%
Christopher Walken
77.2%
Lucy Liu
76.9%
Ray Romano
75.9%
Howard Stern
75.7%
Tony Bennett
70.6%
Art Garfunkel
64.5%
Cyndi Lauper
62.2%
Fran Drescher
60.3%
% Correct
Al Roker
58.5%
Martin Scorsese
55.3%
Adrien Brody
52.8%
50 Cent
51.3%
Jesse Eisenberg
50.9%
Joey Ramone
42.1%
Bernadette Peters
33.4%
Daniel 'Dee' Snider
32.9%
Jon Favreau
31.1%
Edward Burns
14.7%

You're not logged in!

Compare scores with friends on all Sporcle quizzes.
OR
Log In

You Might Also Like...

Show Comments

Extras

Top Quizzes Today


Score Distribution

Your Account Isn't Verified!

In order to create a playlist on Sporcle, you need to verify the email address you used during registration. Go to your Sporcle Settings to finish the process.

Report this User

Report this user for behavior that violates our Community Guidelines.

Details: